00272 2200121 4500001002100000005001500021035002000036245003200056260003000088082000800118084001200126990001200138INLIS00000000000229220250528083040 a0010-0525000584 aSosiologi Untuk SMA Kelas X bPhibela Aneka Gama,c2006 a301 a301 SOS a0713351